NLSUI OPAC header image

Locating the context of the declining sex ratio and new reproductive technologies (Record no. 36604)

MARC details
000 -LEADER
fixed length control field 00450nam a2200157Ia 4500
008 - FIXED-LENGTH DATA ELEMENTS--GENERAL INFORMATION
fixed length control field 160316s2001 xxu||||| |||| 00| 0 eng d
082 ## - DEWEY DECIMAL CLASSIFICATION NUMBER
Classification number 364.152000
Item number PAT
100 ## - MAIN ENTRY--PERSONAL NAME
Personal name Patel Vibhuti
245 ## - TITLE STATEMENT
Title Locating the context of the declining sex ratio and new reproductive technologies
250 ## - EDITION STATEMENT
Edition statement
260 ## - PUBLICATION, DISTRIBUTION, ETC.
Place of publication, distribution, etc. Mumbai
Name of publisher, distributor, etc. University of Mumbai
Date of publication, distribution, etc. 2001
300 ## - PHYSICAL DESCRIPTION
Extent 6
Other physical details
Dimensions
365 ## - TRADE PRICE
Price amount
650 ## - SUBJECT ADDED ENTRY--TOPICAL TERM
Topical term or geographic name entry element 1. Sex ratio <br/>2. Neglect of daughters
700 ## - ADDED ENTRY--PERSONAL NAME
Personal name
--
Holdings
Withdrawn status Lost status Damaged status Not for loan Home library Current library Shelving location Date acquired Total Checkouts Full call number Barcode Date last seen Price effective from Koha item type
        . .   30.05.2017   364.152 PAT REP300096 30.05.2017 30.05.2017 Repository